000
00275nam a22001217a 4500
082
_a
821
_b
JAM/N
100
_a
JAMES, JIJI
245
_a
NURSERY RHYMES AND STORIES
260
_a
THRISSUR
_b
H7C PUBLISHING HOUSE
300
_a
48
650
_a
POEMS &STORIES
_z
KERALA
942
_c
BK
999
_c
4024
_d
4024